000 00602nmm a2200193Ia 4500
008 251105s9999||||xx |||||||||||||||||und||
020 _a9788484284703
041 _aspa
100 _aStanislavski, Konstantín
245 0 _aEl trabajo del actor sobre sí mismo en el proceso creador de la encarnación
264 _a[Madrid, España] :
_bAlba Editorial,
_c2015
300 _a382 páginas
490 _aArtes escénicas
650 _aTheater / Drama
700 _aStanislavski, Konstantín
700 1 _a Saura, Jorge
856 _uhttps://public.digitaliapublishing.com/a/48845
942 _cCF
999 _c71692
_d71692